Die Grundfarben - Statistiken

Allgemein
  • Dieses Quiz wurde 326 mal gespielt
  • Das Durchschnittsergebnis liegt bei 6 aus 6
Antwortstatistiken
Hinweis Antwort % Korrekt
Grundfarbe Blau
100%
Grundfarbe Gelb
100%
Grundfarbe Rot
100%
Mischfarbe Grün
99%
Mischfarbe Orange
94%
Mischfarbe Violett
76%
Keine übereinstimmenden Quizze gefunden
Verteilung der Resultate
Anzahl Personen mit jedem Resultat
Perzentil nach korrekt beantworteten Fragen
Ihre Resultats-Entwicklung
Sie haben dieses Quiz noch nicht gespielt